<?xml version="1.0" encoding="UTF-8"?>
<collection xmlns="http://www.loc.gov/MARC21/slim">
 <record>
  <leader>00826nam a2200217   4500</leader>
  <controlfield tag="001">000009211</controlfield>
  <controlfield tag="003">5406</controlfield>
  <controlfield tag="005">20150812140858.0</controlfield>
  <controlfield tag="008">111025s1975                           sd</controlfield>
  <datafield tag="245" ind1="0" ind2="0">
   <subfield code="a">Những vấn đề hóa sinh dinh dưỡng động vật</subfield>
   <subfield code="c">Phí Văn Ba, Lê Doãn Diên, Nguyễn Lân Dũng.....</subfield>
  </datafield>
  <datafield tag="260" ind1=" " ind2=" ">
   <subfield code="a">H.</subfield>
   <subfield code="b">Khoa học và kỹ thuật</subfield>
   <subfield code="c">1975</subfield>
  </datafield>
  <datafield tag="774" ind1=" " ind2=" ">
   <subfield code="d">H.</subfield>
   <subfield code="d">Khoa học và kỹ thuật</subfield>
   <subfield code="d">1975</subfield>
   <subfield code="g">Tập 1</subfield>
   <subfield code="h">261tr.</subfield>
   <subfield code="t">Những vấn đề hóa sinh dinh dưỡng đông vật</subfield>
   <subfield code="w">5410</subfield>
  </datafield>
  <datafield tag="774" ind1=" " ind2=" ">
   <subfield code="d">H.</subfield>
   <subfield code="d">Khoa học và kỹ thuật</subfield>
   <subfield code="d">1980</subfield>
   <subfield code="g">Tập 2</subfield>
   <subfield code="h">247tr.</subfield>
   <subfield code="t">Dinh dưỡng protein và axit amin</subfield>
   <subfield code="w">5411</subfield>
  </datafield>
  <datafield tag="OWN" ind1=" " ind2=" ">
   <subfield code="a">LSP</subfield>
  </datafield>
  <datafield tag="999" ind1=" " ind2=" ">
   <subfield code="a">From the UDN01</subfield>
  </datafield>
  <datafield tag="TYP" ind1=" " ind2=" ">
   <subfield code="a">Monograph</subfield>
  </datafield>
  <datafield tag="TYP" ind1=" " ind2=" ">
   <subfield code="a">Printed language</subfield>
  </datafield>
  <datafield tag="980" ind1=" " ind2=" ">
   <subfield code="a">Mạng thư viện Đại học Đà Nẵng</subfield>
  </datafield>
 </record>
</collection>
